[Event "Titled Tuesday intern op 17th Sep Late"]
[Site "Chess,com INT"]
[Date "2024.09.17"]
[Round "6"]
[White "Kramnik, Vladimir"]
[Black "Kushko, Dmitriy"]
[Result "1-0"]
[WhiteElo "2753"]
[BlackElo "2444"]
[PlyCount "81"]
[EventDate "2024.09.17"]
[EventType "swiss (blitz)"]
[EventRounds "11"]
[EventCountry "USA"]
[SourceTitle "EXT 2025"]
[Source "ChessBase"]
[SourceDate "2024.10.14"]
[SourceVersion "1"]
[SourceVersionDate "2024.10.14"]
[SourceQuality "1"]

1. e4 c6 2. d4 d5 3. Nd2 dxe4 4. Nxe4 Nf6 5. Nxf6+ exf6 6. c3 Bd6 7. Bd3 0-0 8. Ne2 Re8 9. 0-0 Na6 10. Be3 Nc7 11. c4 Bg4 12. Qd2 Bh5 13. Ng3 Bg6 14. Nf5 Bf8 15. Rad1 Qd7 16. Qc2 Rad8 17. h3 b5 18. c5 Nd5 19. Bd2 Qc7 20. g3 Re6 21. Rde1 Rde8 22. Qd1 Rxe1 23. Rxe1 Rxe1+ 24. Qxe1 Qd7 25. g4 Ne7 26. Qe4 h5 27. Bf4 hxg4 28. hxg4 Bxf5 29. gxf5 Nd5 30. Bg3 Be7 31. a3 Bd8 32. Qf3 Bc7 33. Be4 Ne7 34. Bxc7 Qxc7 35. Qg3 Qxg3+ 36. fxg3 Kf8 37. Kf2 Ke8 38. Ke3 Kd7 39. Kd3 a5 40. a4 Kc7 41. axb5 1-0

[Event "Titled Tuesday intern op 17th Sep Late"]
[Site "Chess,com INT"]
[Date "2024.09.17"]
[Round "3"]
[White "Kushko, Dmitriy"]
[Black "Dubov, Daniil"]
[Result "0-1"]
[WhiteElo "2444"]
[BlackElo "2693"]
[PlyCount "98"]
[EventDate "2024.09.17"]
[EventType "swiss (blitz)"]
[EventRounds "11"]
[EventCountry "USA"]
[SourceTitle "EXT 2025"]
[Source "ChessBase"]
[SourceDate "2024.10.14"]
[SourceVersion "1"]
[SourceVersionDate "2024.10.14"]
[SourceQuality "1"]

1. Nf3 Nf6 2. g3 g6 3. Bg2 Bg7 4. d4 0-0 5. 0-0 d6 6. Re1 Bf5 7. Nbd2 d5 8. c3 c6 9. Nh4 Bg4 10. Qb3 Nbd7 11. Qxb7 c5 12. Qb3 Rb8 13. Qd1 e5 14. dxe5 Nxe5 15. Nhf3 Nc6 16. Nb3 Ne4 17. Nfd2 Nxf2 18. Kxf2 c4 19. Kg1 cxb3 20. Nxb3 Qb6+ 21. Kh1 d4 22. cxd4 Nxd4 23. Be3 Rfd8 24. Nxd4 Bxd4 25. Bxd4 Rxd4 26. Qb3 Rb4 27. Qd3 Rxb2 28. Bf3 Be6 29. a3 Rd8 30. Qe4 Bd5 31. Qf4 Be6 32. Rad1 Rc8 33. Qd4 Qxd4 34. Rxd4 a5 35. Ra4 Rc5 36. Rd1 Bb3 37. Rd8+ Kg7 38. Rad4 a4 39. Ra8 Ra2 40. Rd3 Rxa3 41. Kg1 Ra2 42. Kf2 Re5 43. Re3 Rxe3 44. Kxe3 a3 45. Kd4 Be6 46. Kc3 Ra1 47. Be4 a2 48. Bc2 Re1 49. Kb2 Rxe2 0-1

[Event "Titled Tuesday intern op 17th Sep Late"]
[Site "Chess,com INT"]
[Date "2024.09.17"]
[Round "11"]
[White "Maksimovic, Bojan"]
[Black "Kushko, Dmitriy"]
[Result "1-0"]
[WhiteElo "2503"]
[BlackElo "2444"]
[PlyCount "141"]
[EventDate "2024.09.17"]
[EventType "swiss (blitz)"]
[EventRounds "11"]
[EventCountry "USA"]
[SourceTitle "EXT 2025"]
[Source "ChessBase"]
[SourceDate "2024.10.14"]
[SourceVersion "1"]
[SourceVersionDate "2024.10.14"]
[SourceQuality "1"]

1. d4 d5 2. Bg5 f6 3. Bf4 Nc6 4. e3 e5 5. Bg3 Nge7 6. Nf3 exd4 7. exd4 Nf5 8. Bd3 Qe7+ 9. Kf1 Nfxd4 10. Nc3 Be6 11. Nxd4 Nxd4 12. Bxh7 Rxh7 13. Qxd4 Qd7 14. Qd3 Rh8 15. Nb5 Bd6 16. Bxd6 cxd6 17. Qg6+ Kf8 18. Nd4 Bf7 19. Qg3 Rh5 20. h3 Re5 21. Kg1 a5 22. Kh2 b5 23. a3 Rc8 24. c3 Rc4 25. b4 a4 26. Rac1 Qe7 27. Rhd1 Re4 28. f3 Re5 29. f4 Re3 30. Qg4 g6 31. Nxb5 f5 32. Qg5 Qxg5 33. fxg5 Re2 34. Nd4 Ra2 35. Ra1 Rxa1 36. Rxa1 Rxc3 37. b5 Rc7 38. Rb1 Ke7 39. b6 Rb7 40. Kg3 Be8 41. Kf4 Bd7 42. Rb4 Kd8 43. h4 Ke7 44. Rb1 Kf7 45. g3 Rb8 46. Ke3 Ke7 47. Kd3 Kd8 48. Ne2 Kc8 49. Nf4 Kb7 50. Nxd5 Bc6 51. Kd4 Re8 52. Nf4 Re4+ 53. Kd3 d5 54. Nxg6 d4 55. Nf4 Re3+ 56. Kxd4 Rxg3 57. Ke5 Rxa3 58. g6 Rg3 59. h5 a3 60. h6 Be4 61. Ra1 Kxb6 62. h7 Re3 63. Rxa3 Rxa3 64. h8Q Ra5+ 65. Kf6 Ra6 66. Kg5 Ka5 67. Qc3+ Kb5 68. Qe5+ Ka4 69. Qe7 Ra5 70. Qe8+ Kb4 71. g7 1-0

[Event "Titled Tuesday intern op 03rd Sep Late"]
[Site "Chess.com INT"]
[Date "2024.09.03"]
[Round "4"]
[White "Horak, Martin"]
[Black "Kushko, Dmitriy"]
[Result "0-1"]
[WhiteElo "2362"]
[BlackElo "2444"]
[PlyCount "98"]
[EventDate "2024.09.03"]
[EventType "swiss (blitz)"]
[EventRounds "11"]
[EventCountry "USA"]
[SourceTitle "EXT 2025"]
[Source "ChessBase"]
[SourceDate "2024.10.14"]
[SourceVersion "1"]
[SourceVersionDate "2024.10.14"]
[SourceQuality "1"]

1. e4 Na6 2. d4 c6 3. Nf3 Nc7 4. Nc3 d6 5. a4 g6 6. h3 Bg7 7. Be2 Nf6 8. Be3 0-0 9. 0-0 b6 10. Re1 c5 11. d5 a6 12. Nd2 Rb8 13. Nc4 b5 14. axb5 Nxb5 15. Nxb5 axb5 16. Na5 Bd7 17. f3 Qc7 18. c3 b4 19. Qd2 bxc3 20. bxc3 Ra8 21. Nc4 Bb5 22. Rxa8 Rxa8 23. Rb1 Rb8 24. Qb2 Nd7 25. Qa3 h5 26. Bf1 Bxc4 27. Rxb8+ Qxb8 28. Bxc4 Qb1+ 29. Bf1 Qe1 30. Bf2 Qxc3 31. Qa7 Nf8 32. Qxe7 Be5 33. h4 Kg7 34. Qg5 Bd4 35. Bxd4+ Qxd4+ 36. Kh2 c4 37. Qc1 c3 38. Kg3 Nd7 39. f4 Nc5 40. e5 dxe5 41. fxe5 Qxe5+ 42. Kh3 Ne4 43. Qe3 Qxd5 44. Bd3 Nc5 45. Bc2 Qe6+ 46. Qxe6 Nxe6 47. Kg3 Nd4 48. Bd1 c2 49. Bxc2 Nxc2 0-1

[Event "Titled Tuesday intern op 03rd Sep Late"]
[Site "Chess.com INT"]
[Date "2024.09.03"]
[Round "2"]
[White "Tworuszka, Michal"]
[Black "Kushko, Dmitriy"]
[Result "0-1"]
[WhiteElo "2260"]
[BlackElo "2444"]
[PlyCount "80"]
[EventDate "2024.09.03"]
[EventType "swiss (blitz)"]
[EventRounds "11"]
[EventCountry "USA"]
[SourceTitle "EXT 2025"]
[Source "ChessBase"]
[SourceDate "2024.10.14"]
[SourceVersion "1"]
[SourceVersionDate "2024.10.14"]
[SourceQuality "1"]

1. d4 Nf6 2. c4 g6 3. g3 Bg7 4. Bg2 0-0 5. Nc3 d6 6. Nf3 Nc6 7. 0-0 e5 8. dxe5 dxe5 9. Bg5 h6 10. Qxd8 Rxd8 11. Bxf6 Bxf6 12. Nd5 Kg7 13. Nxc7 Rb8 14. e4 Be7 15. Nd5 Bc5 16. Rfd1 a5 17. h3 g5 18. Ne3 Be6 19. Nf5+ Kg6 20. Rd5 b6 21. Rxe5 Bxc4 22. Rc1 Bxa2 23. Rexc5 bxc5 24. Rxc5 Rd1+ 25. Kh2 Nb4 26. Ne5+ Kf6 27. Ng4+ Ke6 28. Rxa5 Kd7 29. Ngxh6 Nd3 30. Rxa2 Nxf2 31. Ng4 Nxg4+ 32. hxg4 Rd2 33. Kg1 Rc8 34. Ne3 Rc1+ 35. Bf1 Re1 36. Ra3 Rxb2 37. Rd3+ Ke6 38. Nf5 Ke5 39. Ra3 Kxe4 40. Re3+ Rxe3 0-1

[Event "Titled Tuesday intern op 27th Aug Late"]
[Site "Chess.com INT"]
[Date "2024.08.27"]
[Round "3"]
[White "Braun, Christian1"]
[Black "Kushko, Dmitriy"]
[Result "0-1"]
[WhiteElo "2400"]
[BlackElo "2444"]
[PlyCount "80"]
[EventDate "2024.08.27"]
[EventType "swiss (blitz)"]
[EventRounds "11"]
[EventCountry "USA"]
[SourceTitle "EXT 2025"]
[Source "ChessBase"]
[SourceDate "2024.10.14"]
[SourceVersion "1"]
[SourceVersionDate "2024.10.14"]
[SourceQuality "1"]

1. e4 c6 2. Nf3 d5 3. Nc3 dxe4 4. Nxe4 Nf6 5. Qe2 Nxe4 6. Qxe4 Nd7 7. d4 Nf6 8. Qd3 Bg4 9. Be2 e6 10. 0-0 Qc7 11. Ne5 Bf5 12. Qb3 Bd6 13. Bf4 0-0 14. c4 c5 15. Bg3 cxd4 16. Nf3 Bxg3 17. hxg3 Rad8 18. Rfd1 e5 19. Nh4 Be4 20. Re1 g6 21. Bf3 Bxf3 22. Nxf3 Rfe8 23. Rad1 Kg7 24. Qb5 a6 25. Qb3 Nd7 26. g4 Nc5 27. Qc2 a5 28. b3 h6 29. a3 Re6 30. b4 axb4 31. axb4 Na6 32. Qb3 Rde8 33. g5 hxg5 34. Nxg5 Rb6 35. Rxd4 Rxb4 36. Qc3 Qe7 37. Rd5 Qxg5 38. Rdxe5 Rxe5 39. Rxe5 Rb1+ 40. Kh2 Qh4+ 0-1

[Event "Titled Tuesday intern op 27th Aug Early"]
[Site "Chess.com INT"]
[Date "2024.08.27"]
[Round "5"]
[White "Bykov, Egor"]
[Black "Kushko, Dmitriy"]
[Result "1-0"]
[WhiteElo "2430"]
[BlackElo "2444"]
[PlyCount "65"]
[EventDate "2024.08.27"]
[EventType "swiss (blitz)"]
[EventRounds "11"]
[EventCountry "USA"]
[SourceTitle "EXT 2025"]
[Source "ChessBase"]
[SourceDate "2024.10.14"]
[SourceVersion "1"]
[SourceVersionDate "2024.10.14"]
[SourceQuality "1"]

1. e4 c6 2. d4 d5 3. e5 Bf5 4. Nd2 e6 5. Nb3 Nd7 6. Nf3 Qc7 7. Be2 c5 8. c3 h6 9. 0-0 c4 10. Nbd2 b5 11. a3 Ne7 12. Nh4 Bh7 13. g4 h5 14. g5 Nf5 15. Nxf5 Bxf5 16. Bxh5 Be7 17. Bg4 Bd3 18. Re1 Bxg5 19. Nxc4 bxc4 20. Bxg5 Rb8 21. b4 g6 22. Re3 Bf5 23. Bxf5 gxf5 24. Rg3 Rg8 25. Qa4 Kf8 26. Kh1 Nb6 27. Qd1 Ke8 28. Qh5 Kd7 29. Qxf7+ Kc6 30. Qxe6+ Kb7 31. Bf6 Rge8 32. Qxf5 Na4 33. Rg7 1-0

[Event "Titled Tuesday intern op 27th Aug Late"]
[Site "Chess.com INT"]
[Date "2024.08.27"]
[Round "8"]
[White "Diao, Matthew Guo"]
[Black "Kushko, Dmitriy"]
[Result "0-1"]
[WhiteElo "2059"]
[BlackElo "2444"]
[PlyCount "44"]
[EventDate "2024.08.27"]
[EventType "swiss (blitz)"]
[EventRounds "11"]
[EventCountry "USA"]
[SourceTitle "EXT 2025"]
[Source "ChessBase"]
[SourceDate "2024.10.14"]
[SourceVersion "1"]
[SourceVersionDate "2024.10.14"]
[SourceQuality "1"]

1. d4 Nf6 2. c4 g6 3. Nc3 d5 4. Qb3 dxc4 5. Qxc4 Be6 6. Qa4+ Bd7 7. Qc4 Bg7 8. e4 0-0 9. Nf3 b5 10. Qb3 c5 11. dxc5 Na6 12. Be3 Ng4 13. Bd2 Nxc5 14. Qb4 Qb6 15. Nd5 Nd3+ 16. Bxd3 Qxf2+ 17. Kd1 Qxg2 18. Rf1 Nf2+ 19. Rxf2 Qxf2 20. Be2 Bg4 21. Qb3 e6 22. Nf4 Rfd8 0-1

[Event "Titled Tuesday intern op 27th Aug Early"]
[Site "Chess.com INT"]
[Date "2024.08.27"]
[Round "1"]
[White "Kushko, Dmitriy"]
[Black "Bogaudinov, Rushan"]
[Result "1-0"]
[WhiteElo "2444"]
[BlackElo "1912"]
[PlyCount "99"]
[EventDate "2024.08.27"]
[EventType "swiss (blitz)"]
[EventRounds "11"]
[EventCountry "USA"]
[SourceTitle "EXT 2025"]
[Source "ChessBase"]
[SourceDate "2024.10.14"]
[SourceVersion "1"]
[SourceVersionDate "2024.10.14"]
[SourceQuality "1"]

1. Nf3 b5 2. Na3 a6 3. c4 c6 4. e4 e6 5. d4 Bb4+ 6. Bd2 Qa5 7. Bd3 Bxd2+ 8. Nxd2 Ne7 9. 0-0 0-0 10. Nc2 d5 11. c5 Qc7 12. e5 a5 13. a3 Ng6 14. Qg4 Qe7 15. f4 f5 16. exf6 Qxf6 17. Bxg6 Qxg6 18. Qxg6 hxg6 19. g3 Nd7 20. Nf3 Rb8 21. Rfe1 Re8 22. b4 a4 23. Ne3 Nf6 24. Ne5 Bb7 25. Nxg6 Ne4 26. Ra2 Kf7 27. Ne5+ Ke7 28. N3g4 Rg8 29. Ng6+ Kf7 30. N6e5+ Ke7 31. Nf2 Nf6 32. h4 g6 33. Kg2 Rbf8 34. Nh3 Ne4 35. Ng5 Nxg5 36. hxg5 Rg7 37. Rh1 Rfg8 38. Rh6 Ke8 39. Ra1 Ke7 40. Rah1 Kf8 41. Rh7 Rxh7 42. Rxh7 Rg7 43. Nxg6+ Rxg6 44. Rxb7 Rg7 45. Rxg7 Kxg7 46. Kf3 Kf7 47. g4 Kg6 48. Kg3 Kg7 49. f5 Kf7 50. Kf4 1-0